| 000 | 00890nam a22002531u 4500 | ||
|---|---|---|---|
| 001 | 05459 | ||
| 003 | HDC | ||
| 007 | cr bn ---aaaaa | ||
| 008 | 210120p2004 my | d 00 engg | ||
| 040 | _aHDC | ||
| 100 |
_aAzahar Harun _eauthor _95694 |
||
| 245 | 2 |
_aA Visual Analysis of Packaging and Labeling Design of Traditional Snack Foods in Context of Malay SME in Malacca / by _cAzahar Harun |
|
| 260 |
_a[no place] : _bUiTM, _c2004 |
||
| 300 | _a 1 online resource (106 pages) | ||
| 336 |
_atext _2rdacontent |
||
| 337 |
_acomputer _2rdamedia |
||
| 338 |
_aonline resource _2rdacarrier |
||
| 650 |
_aMalay SME _95696 |
||
| 650 |
_aSnack food _95695 |
||
| 856 | _zRequest full-text at [email protected] | ||
| 942 | _2lcc | ||
| 942 | _cAR | ||
| 942 | _kJART 001389 | ||
| 999 |
_c2783 _d2783 |
||